| 000 | 00384nam a2200157Ia 4500 | ||
|---|---|---|---|
| 005 | 20250519005939.0 | ||
| 008 | 240331s9999 xx 000 0 und d | ||
| 020 | _a955210403 | ||
| 082 |
_a300 _bGUN |
||
| 100 | _aGunasekare, S | ||
| 245 | 0 | _aSamaja viddyawa | |
| 260 |
_aNugegoda _bM. D. Guansena Books _c1992 |
||
| 300 | _a126 p . , | ||
| 500 | _aA Book on Social Science | ||
| 942 | _cL | ||
| 999 |
_c974 _d974 |
||